000 00292nam a22001337a 4500
008 170831b xxu||||| |||| 00| 0 eng d
020 _a9780073511894
041 _aeng
080 _26 ED
_a070
100 _a40
101 _aMED
245 _aMEDIA ETHICS
_cPATTERSON.P
942 _2udc
_cBK
999 _c25888
_d25888